书目信息 |
| 题名: |
植物基因工程
|
|
| 作者: | 薛建平 , 司怀军 , 田振东 主编 | |
| 分册: | ||
| 出版信息: | 合肥 中国科学技术大学出版社 2008.06 |
|
| 页数: | 296页 | |
| 开本: | 26cm | |
| 丛书名: | ||
| 单 册: | ||
| 中图分类: | Q943.2 | |
| 科图分类: | ||
| 主题词: | 植物--zhi wu--基因工程 | |
| 电子资源: | ||
| ISBN: | 978-7-312-02356-9 | |
| 000 | 01016nam0 2200289 450 | |
| 001 | 012009091415 | |
| 005 | 20090430155351.84 | |
| 010 | @a978-7-312-02356-9@dCNY35.00 | |
| 100 | @a20090430d2008 em y0chi0120 ea | |
| 101 | 0 | @achi |
| 102 | @aCN@b340000 | |
| 105 | @aa a 000yy | |
| 106 | @ar | |
| 200 | 1 | @a植物基因工程@Azhi wu ji yin gong cheng@f薛建平, 司怀军, 田振东主编@Fxue jian ping,si huai jun,tian zhen dong zhu bian |
| 210 | @a合肥@c中国科学技术大学出版社@d2008.06 | |
| 215 | @a296页@c图@d26cm | |
| 312 | @a英文并列题名取自封面 | |
| 320 | @a有书目 (第277-296页) | |
| 330 | @a本书主要内容包括:绪论,基因工程的工具酶,克隆载体,目的基因的分离,植物基因工程的基因,植物基因工程表达载体等。 | |
| 510 | 1 | @aPlant gentic engineering@zeng |
| 606 | 0 | @a植物@Azhi wu@x基因工程 |
| 690 | @aQ943.2@v4 | |
| 701 | 0 | @a薛建平@Axue jian ping@4主编 |
| 701 | 0 | @a司怀军@Asi huai jun@4主编 |
| 701 | 0 | @a田振东@Atian zhen dong@4主编 |
| 801 | 0 | @aCN@bQSSK@c20090430 |
| 905 | @b741596-98@dQ943.2@eX952@f3 | |
| 植物基因工程/薛建平, 司怀军, 田振东主编.-合肥:中国科学技术大学出版社,2008.06 |
| 296页:图;26cm |
| ISBN 978-7-312-02356-9:CNY35.00 |
| 本书主要内容包括:绪论,基因工程的工具酶,克隆载体,目的基因的分离,植物基因工程的基因,植物基因工程表达载体等。 |
| ● |
| 相关链接 |
|
|
|
正题名:植物基因工程
索取号:Q943.2/X952
 
预约/预借
| 序号 | 登录号 | 条形码 | 馆藏地/架位号 | 状态 | 备注 |
| 1 | 741596 | 207415965 | 自科库401/401自科库 34排4列4层/ [索取号:Q943.2/X952] | 在馆 | |
| 2 | 741597 | 207415974 | 自科库401/401自科库 34排4列4层/ [索取号:Q943.2/X952] | 在馆 | |
| 3 | 741598 | 207415983 | 自科库401/401自科库 34排4列4层/ [索取号:Q943.2/X952] | 在馆 |